| 000 | 00633nam a2200193 u 4500 | ||
|---|---|---|---|
| 005 | 20240508064307.0 | ||
| 008 | 190408s2006 ea r 000 0 spa d | ||
| 020 | _a1404274545 | ||
| 035 | _aUPN01000230177 | ||
| 049 | _aI | ||
| 050 | 4 |
_aQB637.4 _bK3.3 |
|
| 100 | 1 |
_aKalinowski, Delphine _931965 |
|
| 245 | 1 | 4 |
_aLas estaciones del año / _cDelphine Kalinowski ; tr. José María Obregón. |
| 260 |
_aNueva York : _bThe Rosen Publishing Group, _cc2006. |
||
| 300 |
_a8 p. : _bprincipalmente il. col. |
||
| 440 | 0 | _aRosen real readers en español | |
| 650 | 4 |
_aEstaciones del año _vLiteratura infantil _924633 |
|
| 905 | _aInfantil | ||
| 999 |
_c202272 _d202272 |
||